Anda berfikir? Bagaimana?

Bibliographic Details
Main Author: Ainon Mohd
Corporate Author: Title
Other Authors: Abdullah Hassan
Format: Book
Published: Selangor : PTS Millennia , 2006
Series:Siri minda kreatif
Subjects:

MARC

LEADER 00000cam a2200000 7i4500
001 0000012066
005 20071126.0
008 071126
020 |a 9833372368 
090 0 0 |a 153.42   |b AIN 
100 0 |a Ainon Mohd 
245 1 0 |a Anda berfikir? Bagaimana?   |c Ainon Mohd, Abdullah Hassan 
260 |a Selangor :   |b PTS Millennia ,   |c 2006 
440 |a Siri minda kreatif 
650 0 |a Creative thinking 
650 0 |a Malay fiction 
650 0 |a Thought and thinking 
700 0 |a Abdullah Hassan 
710 0 |a Title 
999 |a 0000923614   |b Book   |c Adult Collection   |e Cawangan Bukit Gambir 
999 |a 0000923615   |b Book   |c Adult Collection   |e Cawangan Bukit Gambir 
999 |a 0000933263   |b Book   |c Adult Collection   |e Cawangan Tangkak 
999 |a 0000933264   |b Book   |c Adult Collection   |e Cawangan Tangkak 
999 |a 0000933265   |b Book   |c Adult Collection   |e Cawangan Tangkak 
999 |a 0001004225   |b Book   |c Adult Collection   |e Cawangan Batu Pahat 
999 |a 0001004226   |b Book   |c Adult Collection   |e Cawangan Bukit Gambir 
999 |a 0001004227   |b Book   |c Adult Collection   |e Perbadanan Perpustakaan Awam Johor 
999 |a 0001004228   |b Book   |c Adult Collection   |e Perbadanan Perpustakaan Awam Johor 
999 |a 0001519816   |b Book   |c Adult Collection   |e Cawangan Bandar Tenggara